[Event "Open"]
[Site "Birstonas LIT"]
[Date "2002.08.21"]
[Round "5"]
[White "Tokmachev,M"]
[Black "Tokmachev,V"]
[Result "1/2-1/2"]
[WhiteElo "2367"]
[BlackElo "2044"]

1.d4 Nf6 2.Bg5 Ne4 3.Bf4 c5 4.f3 Nf6 5.d5 d6 6.e4 Nbd7 7.Nc3 g6 8.Qd2 a6
9.a4 Qa5 10.Ra3 h5 11.Nh3 Bg7 12.Be2 Qc7 13.O-O b6 14.Nf2 Rb8 15.Rb1 c4 16.Ncd1 b5
17.axb5 axb5 18.b4 Nb6 19.Nc3 Bd7 20.Ra5 Na4 21.Nfd1 Nxc3 22.Nxc3 O-O 23.Rba1 Kh7
24.R1a3 Rfc8 25.Be3 Qd8 26.Kh1 Ra8 27.Ba7 Qe8 28.Qe3 e6 29.dxe6 fxe6 30.h3 Bc6
31.Bf1 d5 32.e5 Ng8 33.Bc5 Nh6 34.Ne2 Nf5 35.Qf4 Qh8 36.Qg5 Bxe5 37.Ra7+ Rxa7
38.Rxa7+ Rc7 39.g4  1/2-1/2

[Event "22nd Open"]
[Site "Bratto ITA"]
[Date "2002.08.21"]
[Round "2"]
[White "Skembris,S"]
[Black "Menoni,V"]
[Result "1-0"]
[WhiteElo "2431"]
[BlackElo "2228"]

1.d4 Nf6 2.Bg5 Ne4 3.h4 c5 4.dxc5 Nxg5 5.hxg5 e6 6.Nf3 Bxc5 7.e3 Qb6 8.Qc1 Nc6
9.c3 a5 10.a4 d5 11.Qc2 g6 12.Bb5 Bd7 13.Nbd2 Rc8 14.Nb3 Be7 15.e4 O-O 16.e5 Nb8
17.Qe2 Bxb5 18.Qxb5 Qc7 19.Qxa5 b6 20.Qb5 Bxg5 21.Qe2 Be7 22.Qe3 Bc5 23.Nxc5 bxc5
24.O-O-O f6 25.exf6 Rxf6 26.Ne5 d4 27.Qh3 Re8 28.Ng4 Rff8 29.cxd4 h5 30.Kb1 cxd4
31.f3 Qf4 32.Nf2 Nc6 33.Nd3 Qf6 34.f4 e5 35.fxe5 Nxe5 36.Nxe5 Qxe5 37.Qd3 Qe4
38.Rh3 Rf2 39.Rg3 Kg7 40.Qxe4 Rxe4 41.a5 Re5 42.Ra3 Rb5 43.Ra2 Rb4 44.a6 Rf8
45.a7 Ra8 46.Rd3 Kf6 47.Ra5 h4 48.Rf3+ Kg7 49.Rf4 Rb7 50.Rxd4 Rbxa7 51.Rxa7+ Rxa7
52.Rxh4 Kf6 53.b4 Rb7 54.Kb2 Ke5 55.Rc4 Rb5 56.Kb3 Rb8 57.Rc5+ Kf4 58.b5 g5
59.Kb4 g4 60.Rc3 g3 61.Rb3  1-0

[Event "Ron Banwell"]
[Site "Coulsdon ENG"]
[Date "2002.08.22"]
[Round "6"]
[White "Bigg,A"]
[Black "Friedland,J"]
[Result "1/2-1/2"]
[WhiteElo "2248"]
[BlackElo "2181"]

1.d4 Nf6 2.Bg5 Ne4 3.h4 d5 4.Nd2 h6 5.Bf4 Bf5 6.e3 e6 7.g4 Bg6 8.Nxe4 Bxe4
9.f3 Bg6 10.Bd3 Bxd3 11.Qxd3 c5 12.Bxb8 Rxb8 13.Ne2 Be7 14.Qb5+ Qd7 15.Qxd7+ Kxd7  1/2-1/2

[Event "Ciuc Premium A1"]
[Site "Miercurea Ciuc ROM"]
[Date "2002.08.23"]
[Round "6"]
[White "Wilhelm,S"]
[Black "Fugulyan,G"]
[Result "0-1"]
[WhiteElo "2171"]
[BlackElo "2087"]

1.d4 Nf6 2.Bg5 Ne4 3.Bf4 d5 4.Nd2 Nd6 5.e3 Bf5 6.c4 e6 7.cxd5 exd5 8.Qb3 Nc6
9.Qxd5 Nb4 10.Qe5+ Be7 11.Kd1 O-O 12.a3 Nc6 13.Qd5 Be6 14.Qf3 Qd7 15.h3 Na5
16.d5 Ndc4 17.e4 Nxd2 18.Bxd2 Qa4+ 19.Ke1 Nb3 20.Rd1 Nd4 21.Qd3 Nc2+ 22.Ke2 Bd7
23.b3 Nd4+ 24.Ke3 Nxb3 25.Bb4 Bxb4 26.axb4 Qxb4 27.Rb1 Qc5+ 28.Kf3 Nd4+ 29.Kg3 f5
30.Nf3 fxe4 31.Qxd4 Rxf3+  0-1

[Event "Ron Banwell"]
[Site "Coulsdon ENG"]
[Date "2002.08.26"]
[Round "10"]
[White "Bigg,A"]
[Black "Gormally,D"]
[Result "1/2-1/2"]
[WhiteElo "2248"]
[BlackElo "2525"]

1.d4 Nf6 2.Bg5 Ne4 3.h4 c5 4.d5 g6 5.Nd2 Nxg5 6.hxg5 Bg7 7.c3 d6 8.e4 e5
9.dxe6 fxe6 10.f4 Nc6 11.Ngf3 d5 12.e5 Qb6 13.Qc2 Ne7 14.Qb3 Bd7 15.O-O-O Bc6
16.Qa3 Nf5 17.c4 O-O-O 18.g4 Ng3 19.Rh3 Nxf1 20.Rxf1 h5 21.gxh6 Rxh6 22.Rxh6 Bxh6
23.g5 Bf8 24.Qd3 Be8 25.Rh1 dxc4 26.Qc2 Qa6  1/2-1/2

[Event "TCh-BIH"]
[Site "Neum BIH"]
[Date "2002.08.28"]
[Round "6"]
[White "Mujkic,N"]
[Black "Krstic,U"]
[Result "1-0"]
[WhiteElo "2260"]
[BlackElo "2420"]

1.d4 Nf6 2.Bg5 Ne4 3.Bf4 d5 4.Nd2 Bf5 5.e3 c5 6.Nxe4 Bxe4 7.Bxb8 Qa5+ 8.Qd2 Qxd2+
9.Kxd2 Rxb8 10.Bb5+ Kd8 11.f3 Bg6 12.Bd3 e6 13.c3 b5 14.a3 c4 15.Bxg6 hxg6
16.Kc2 Bd6 17.f4 g5 18.fxg5 Rxh2 19.Rxh2 Bxh2 20.Nf3 Bg3 21.Rh1 Ke7 22.Rh3 Bd6
23.Nd2 g6 24.g3 e5 25.dxe5 Bxe5 26.Nf3 Bg7 27.Nd4 Rb6 28.Kd2 Bxd4 29.exd4 a5
30.Rh8 b4 31.Ra8 bxa3 32.bxa3 Rb2+ 33.Ke3 Rg2 34.Rxa5 Rxg3+ 35.Kf4 Rxc3 36.Ke5 Rg3
37.Ra7+ Kf8 38.Kxd5 c3 39.Kd6 Rxg5 40.Rc7 Rg3 41.a4 Rg4 42.Rc8+ Kg7 43.Rc4 c2
44.Kc5 Rg5+ 45.Kb6 Rd5 46.Rxc2 Rxd4 47.Ra2 g5 48.a5 g4 49.Kc7 Rc4+ 50.Kd7 Rb4
51.Kc7 Re4 52.a6 Re8 53.a7 f5 54.Kd6 g3 55.Rb2 Ra8 56.Ke5 Rxa7 57.Kxf5  1-0

[Event "ch-RUS"]
[Site "Krasnodar RUS"]
[Date "2002.08.29"]
[Round "3"]
[White "Rustemov,A"]
[Black "Shomoev,A"]
[Result "1-0"]
[WhiteElo "2589"]
[BlackElo "2533"]

1.d4 Nf6 2.Bg5 Ne4 3.Bh4 c5 4.f3 g5 5.fxe4 gxh4 6.e3 Bh6 7.Kf2 Qb6 8.Nc3 cxd4
9.Qxd4 O-O 10.Qxb6 axb6 11.Nd5 Nc6 12.Nf3 Ra5 13.Nxb6 d6 14.Nxc8 Rxc8 15.c3 Ne5
16.h3 Rc6 17.a3 Ng6 18.Nd4 Rc8 19.Bd3 Bg7 20.Rhf1 Be5 21.Ke2 e6 22.Rad1 Rac5
23.Rd2 Re8 24.Kd1 Bg3 25.Kc2 Kf8 26.a4 Ke7 27.Ra1 Ne5 28.Ra3 Ra8 29.Bf1 Be1
30.Rd1 Bf2 31.Kd2 Rg8 32.Rb3 Rc7 33.Ke2 Bg3 34.Rb5 Nd7 35.Nb3 Rg6 36.Nd2 Nc5
37.Rb4 Rf6 38.Nf3 Na6 39.Rb5 Nc5 40.Rd4 Nd7 41.a5 Rg6 42.Rdb4 Nc5 43.Rc4 Rd7
44.b4 Na6 45.Rc8 Kf6 46.Rb6 Rh6 47.Kd2  1-0

[Event "ch-RUS"]
[Site "Krasnodar RUS"]
[Date "2002.09.03"]
[Round "8"]
[White "Kornev,Alexe"]
[Black "Lugovoi,A"]
[Result "1/2-1/2"]
[WhiteElo "2567"]
[BlackElo "2516"]

1.d4 Nf6 2.Bg5 Ne4 3.Bf4 c5 4.f3 Nf6 5.d5 Qb6 6.Nc3 Qxb2 7.Bd2 Qb6 8.e4 d6
9.f4 Qc7 10.Nf3 Bg4 11.e5 dxe5 12.fxe5 Bxf3 13.Qxf3 Qxe5+ 14.Be2 g5 15.Rb1 Bg7
16.Rxb7 O-O 17.Qg3 Qxg3+ 18.hxg3 Nbd7 19.Bxg5 Rfb8 20.Rb5 c4 21.Rxb8+ Rxb8
22.Bf4 Rd8 23.Bf3 Nb6 24.Bc7 Rd7 25.Bxb6 axb6 26.Ke2 Ra7 27.Rh4 Rc7 28.a4 Rc5
29.Rh1 Ra5 30.Rh4 Rc5 31.Ne4 Nxe4 32.Bxe4 h6 33.Bf3 Kf8 34.Rh1 Ra5 35.Rb1 Rxa4
36.Rxb6 Bf6 37.Be4 Ra8 38.Rc6 Ra4 39.g4 Kg7 40.Rc7 c3 41.Kf3 Rd4 42.Rc6 Rd1
43.Bd3 Re1 44.Rc7 Rd1 45.Rc6  1/2-1/2

[Event "ch-RUS"]
[Site "Krasnodar RUS"]
[Date "2002.09.04"]
[Round "9"]
[White "Ovetchkin,R"]
[Black "Alikhanov,F"]
[Result "1-0"]
[WhiteElo "2557"]
[BlackElo "2364"]

1.d4 Nf6 2.Bg5 Ne4 3.Bf4 d5 4.f3 Nf6 5.e3 e6 6.Nd2 Be7 7.Bd3 Nbd7 8.g4 c5
9.c3 Nb6 10.Rb1 cxd4 11.cxd4 O-O 12.Ne2 Bd6 13.Bxd6 Qxd6 14.g5 Nh5 15.f4 g6
16.Nf3 f6 17.O-O  1-0

[Event "FSGM Sept"]
[Site "Budapest HUN"]
[Date "2002.09.11"]
[Round "5"]
[White "Claverie,C"]
[Black "Rajlich,V"]
[Result "1-0"]
[WhiteElo "2392"]
[BlackElo "2338"]

1.d4 Nf6 2.Bg5 Ne4 3.Bf4 c5 4.dxc5 Qa5+ 5.Nd2 e5 6.Bxe5 Nxf2 7.Kxf2 Qxc5+
8.e3 Qxe5 9.Ngf3 Qxb2 10.Rb1 Qf6 11.Ne4 Qh6 12.Rb5 Nc6 13.Rd5 Be7 14.Nd6+ Bxd6
15.Rxd6 g6 16.h4 O-O 17.Ng5 f6 18.Ne4 Kg7 19.Rh3 Ne5 20.h5 f5 21.hxg6 fxe4+
22.Kg1 Nf3+ 23.Kh1 Nd2 24.Qa1+ Kg8 25.Rxh6 Rxf1+ 26.Qxf1 Nxf1 27.gxh7+  1-0

[Event "TCh-FIN 2002-3"]
[Site "Finland FIN"]
[Date "2002.09.21"]
[Round "1"]
[White "Karttunen,M"]
[Black "Hartikainen,M"]
[Result "1-0"]
[WhiteElo "2434"]
[BlackElo "2307"]

1.d4 Nf6 2.Bg5 Ne4 3.Bf4 c5 4.f3 Qa5+ 5.c3 Nf6 6.d5 d6 7.e4 g6 8.Na3 Bg7
9.Nc4 Qd8 10.a4 O-O 11.Qd2 Re8 12.Ne2 Nbd7 13.g4 Nb6 14.Ng3 Nxc4 15.Bxc4 Nd7
16.Bh6 Ne5 17.Be2 Bh8 18.h4 a6 19.h5 Rb8 20.hxg6 fxg6 21.f4 Nf7 22.f5 b5
23.a5 b4 24.c4 b3 25.Qc1 Bf6 26.Bd2 g5 27.Kf2 h6 28.Kg2 Kg7 29.Rh3 Rh8 30.Ra3 Bd7
31.Nf1 Qc7 32.Bc3 Rb7 33.Nd2 Rhb8 34.Rxb3 Rxb3 35.Nxb3 Bxc3 36.Qxc3+ Ne5
37.Nd2 Qb7 38.b3 Qb4 39.Qxb4 Rxb4 40.Kf2 Be8 41.Rh1 Nf7 42.Ke3 Nd8 43.Kd3 Nb7
44.Ra1 Kf6 45.Ra3 Ke5 46.Ke3 Nd8 47.Nf3+ Kf6 48.e5+ dxe5 49.Nd2 Nb7 50.Ne4+ Kg7
51.Kd2  1-0

[Event "ECC"]
[Site "Halkidiki GRE"]
[Date "2002.09.22"]
[Round "1"]
[White "Karttunen,M"]
[Black "Volokitin,And"]
[Result "1/2-1/2"]
[WhiteElo "2434"]
[BlackElo "2545"]

1.d4 Nf6 2.Bg5 Ne4 3.Bf4 c5 4.f3 Qa5+ 5.c3 Nf6 6.Nd2 cxd4 7.Nb3 Qb6 8.Qxd4 Nc6
9.Qxb6 axb6 10.Nd4 e5 11.Nxc6 dxc6 12.Bxe5 Be6 13.a3 b5 14.e4 b4 15.cxb4 Bxb4+
16.Ke2 O-O 17.Rc1 Ba5 18.Bc3 Bb6 19.Kd2 Nd7 20.Ne2 Rfd8 21.Kc2 Be3 22.Rd1 Nc5
23.Nd4 Na4 24.Be2 Nxc3 25.Kxc3 Bg5 26.Nxe6 fxe6 27.Bc4 Bf6+ 28.Kc2 Kf7 29.f4 b5
30.Be2 Bd4 31.e5 Ke7 32.Rd3 Rab8 33.Rhd1 c5 34.Rh3 b4 35.a4 h6 36.Bc4 Rf8
37.Rf1 Rf7 38.g4 Rff8 39.b3 Ra8 40.Rh5 Rad8 41.Rh3 Bc3 42.Rd3 Rxd3 43.Bxd3 g5
44.fxg5 Rxf1 45.Bxf1 hxg5 46.a5 Kd7 47.Bg2 Kc7 48.Kd3 Bxe5 49.h4 gxh4 50.g5 Kb8
51.Ke4 Bc3 52.Kf4 Ka7 53.Bf1 Bd2+ 54.Kg4 h3 55.Bxh3 c4 56.g6 Bc3 57.bxc4 b3
58.Bf1 b2 59.Bd3 Ka6 60.c5+ Kxa5 61.Kf3 b1=Q 62.Bxb1 Kb5 63.Ke4 Kxc5 64.g7 Bxg7
65.Ba2 Kd6  1/2-1/2

[Event "ECC"]
[Site "Halkidiki GRE"]
[Date "2002.09.23"]
[Round "2"]
[White "Collier,D"]
[Black "Ahn,M"]
[Result "1/2-1/2"]
[WhiteElo "2274"]
[BlackElo "2294"]

1.d4 Nf6 2.Bg5 Ne4 3.Bf4 c5 4.f3 Qa5+ 5.c3 Nf6 6.Nd2 cxd4 7.Nb3 Qb6 8.Qxd4 Nc6
9.Qxb6 axb6 10.Nd4 e5 11.Nxc6 dxc6 12.Bxe5 b5 13.e4 Be6 14.Bd3 Nd7 15.Bd4 Rxa2
16.Rxa2 Bxa2 17.Kf2 Bc4 18.Bc2 Bc5 19.b3 Be6 20.Ne2 Ke7 21.Ra1 Rd8 22.Ke3 f6
23.g3 Bb6 24.Bxb6 Nxb6 25.Ra7 Bc8 26.Nd4 Kd6 27.g4 g5 28.Ra1 h5 29.h3 Re8
30.Kf2 hxg4 31.hxg4 Rh8 32.Kg2 Ke5 33.Rd1 Na8 34.Nf5 Bxf5 35.exf5 Nc7 36.Kg3 Nd5
37.Re1+  1/2-1/2

[Event "ECC"]
[Site "Halkidiki GRE"]
[Date "2002.09.25"]
[Round "4"]
[White "Romero Holmes,A"]
[Black "Gulbas,C"]
[Result "1-0"]
[WhiteElo "2524"]
[BlackElo "2301"]

1.d4 Nf6 2.Bg5 Ne4 3.Bf4 d5 4.e3 c5 5.Bd3 cxd4 6.Bxe4 dxe4 7.Qxd4 Qxd4 8.exd4 Nc6
9.c3 e6 10.Nd2 f5 11.f3 e5 12.Bxe5 Nxe5 13.dxe5 Be6 14.Ne2 exf3 15.Nxf3 g6
16.Nfd4 Bc4 17.b3 Bxe2 18.Kxe2 Bg7 19.Rhe1 Rc8 20.c4 Kf7 21.Nf3 h6 22.Rad1 Rc7
23.Rd5 Re8 24.Kd3 g5 25.Nd4  1-0

[Event "ECC"]
[Site "Halkidiki GRE"]
[Date "2002.09.27"]
[Round "6"]
[White "Teske,H"]
[Black "Kilicaslan,H"]
[Result "1-0"]
[WhiteElo "2529"]
[BlackElo "2260"]

1.d4 Nf6 2.Bg5 Ne4 3.h4 c5 4.dxc5 Qa5+ 5.Nd2 Nxd2 6.Qxd2 Qxc5 7.e4 Nc6 8.O-O-O d6
9.Be3 Qa5 10.Qxa5 Nxa5 11.Bb5+ Nc6 12.Ne2 Bd7 13.h5 a6 14.Ba4 Ne5 15.Bxd7+ Nxd7
16.Bd4 h6 17.Rd3 Rg8 18.a4 g5 19.hxg6 Rxg6 20.g3 e6 21.Rc3 Kd8 22.Rf3 Rg4
23.Rxf7 Rxe4 24.Kd2 Rg4 25.f3 Rg8 26.Nf4 Ke8 27.Rh7 e5 28.Nd5 exd4 29.Nc7+ Kd8
30.Nxa8 Rxg3 31.Rf7 Bg7 32.f4 Rg2+ 33.Kd1 Nc5 34.Nc7 d3 35.cxd3 Rxb2 36.Re1 Rb1+
37.Kd2 Rxe1 38.Kxe1 Bc3+ 39.Ke2 Nxa4 40.Ne6+ Ke8 41.Rxb7 Bf6 42.d4  1-0

[Event "ch-ESP Open"]
[Site "Ayamonte ESP"]
[Date "2002.10.05"]
[Round "2"]
[White "Martinez Garcia,Jose ESP"]
[Black "Camarena Gimenez,R"]
[Result "0-1"]
[WhiteElo "2202"]
[BlackElo "2387"]

1.d4 Nf6 2.Bg5 Ne4 3.Bf4 d5 4.e3 e6 5.Nd2 Bd6 6.Bxd6 Qxd6 7.Bd3 Nxd2 8.Qxd2 c5
9.c3 Nc6 10.f4 Bd7 11.Nf3 f6 12.O-O-O O-O-O 13.Kb1 Kb8 14.Ka1 a6 15.g3 h6
16.Qe2 e5 17.dxe5 fxe5 18.Be4 Be6 19.c4 d4 20.Bxc6 Qxc6 21.Nxe5 Qe4 22.Rhe1 dxe3
23.Rd3 Rxd3 24.Qxd3 Qxd3 25.Nxd3 Bxc4 26.Ne5 Bb5 27.Rxe3 Rd8 28.Kb1 Rd2 29.h4 Rg2
30.b3 h5 31.a4 Be8 32.Ka1 Ka7 33.Nd3 Rg1+ 34.Kb2 c4 35.Nc5 Rg2+ 36.Kc3 Bc6
37.bxc4 Kb6 38.Kb4 a5+  0-1

[Event "ch-ESP Open"]
[Site "Ayamonte ESP"]
[Date "2002.10.07"]
[Round "4"]
[White "Villar Nieves,A"]
[Black "Gonzalez de la Torre,S"]
[Result "0-1"]
[WhiteElo "2145"]
[BlackElo "2399"]

1.d4 Nf6 2.Bg5 Ne4 3.Bh4 c5 4.f3 g5 5.fxe4 gxh4 6.e3 Bh6 7.Kf2 cxd4 8.exd4 Qb6
9.Nc3 e6 10.Nf3 Nc6 11.Bb5 d6 12.Bxc6+ bxc6 13.Na4 Qa5 14.b3 O-O 15.Re1 h3
16.g3 Bb7 17.e5 c5 18.exd6 cxd4 19.Nxd4 Rad8 20.Qg4+ Bg7 21.Nf3 Rxd6 22.Rad1 Rfd8
23.Rxd6 Rxd6 24.c4 Rd3 25.Re3 Rd1 26.Re5 Qd8 27.Rg5 Bxf3 28.Rxg7+ Kh8 29.Qg5 Qd4+
30.Kxf3 Rd3+ 31.Ke2 Qe4+ 32.Kf2 Qf3+  0-1

[Event "6th Final RUS Cup"]
[Site "Nefteyugansk RUS"]
[Date "2002.10.09"]
[Round "5"]
[White "Kornev,Alexe"]
[Black "Prokopchuk,E"]
[Result "1-0"]
[WhiteElo "2566"]
[BlackElo "2513"]

1.d4 Nf6 2.Bg5 Ne4 3.Bf4 d5 4.e3 c5 5.Bd3 Nc6 6.Bxe4 dxe4 7.d5 Nb4 8.Nc3 Bf5
9.a3 Na6 10.f3 exf3 11.Nxf3 g6 12.e4 Bd7 13.Qd2 h6 14.e5 g5 15.e6 gxf4 16.Qxf4 fxe6
17.Ne5 Qc7 18.d6 exd6 19.Qf7+ Kd8 20.Qf6+ Kc8 21.Qxh8 Qd8 22.Ng6 Kc7 23.O-O Be7
24.Qg7 Bg5 25.Rf7 Kc6 26.Rd1 Be3+ 27.Kh1 Bd4 28.Rxd4 cxd4 29.Qxd4 Qg5 30.h4 Qc1+
31.Kh2 Nc5 32.b4  1-0

[Event "1st Yemen Open"]
[Site "Sanaa YEM"]
[Date "2002.10.09"]
[Round "4"]
[White "Mallahi,A"]
[Black "Ghaem Maghami,E"]
[Result "1/2-1/2"]
[WhiteElo "2406"]
[BlackElo "2511"]

1.d4 Nf6 2.Bg5 Ne4 3.Bf4 c5 4.f3 Qa5+ 5.c3 Nf6 6.d5 d6 7.e4 g6 8.Qd2 Bg7
9.Bd3 O-O 10.Ne2 Qc7  1/2-1/2

[Event "TCh-SWE"]
[Site "Helsingborg SWE"]
[Date "2002.10.12"]
[Round "2"]
[White "Fries Nielsen,JO"]
[Black "Kinnmark,O"]
[Result "1-0"]
[WhiteElo "2444"]
[BlackElo "2364"]

1.d4 Nf6 2.Bg5 Ne4 3.Bh4 c5 4.f3 g5 5.fxe4 gxh4 6.e3 Bg7 7.Nf3 d6 8.Bc4 e6
9.O-O O-O 10.Nc3 cxd4 11.exd4 a6 12.Kh1 b5 13.Bd3 b4 14.Ne2 e5 15.dxe5 dxe5
16.Qe1 Bf6 17.Qxb4 a5 18.Qd2 Be6 19.Qh6 Qe7 20.Nc3 Nd7 21.Bb5 Nb6 22.Qh5 Rac8
23.Rae1 Rfd8 24.Bd3 Bc4 25.Bxc4 Rxc4 26.Ng5 h6 27.Qxh6 Bxg5 28.Qxb6 Rb4 29.Qxa5 Rxb2
30.Nd5 Qd6 31.Rf5 Qg6 32.Qc3 Rdb8 33.Qxe5 Rb1 34.Rff1 R1b2 35.h3 R8b7 36.Rf5 Bd2
37.Ref1 Rb1 38.Nf6+ Kg7 39.Ng4+ Kg8 40.Rf3 Rxf1+  1-0

[Event "TCh-SWE"]
[Site "Helsingborg SWE"]
[Date "2002.10.12"]
[Round "2"]
[White "Eksmyr,J"]
[Black "Olsson,An"]
[Result "0-1"]
[WhiteElo "2190"]
[BlackElo "2383"]

1.d4 Nf6 2.Bg5 Ne4 3.Bf4 c5 4.f3 Qa5+ 5.c3 Nf6 6.d5 Qb6 7.b3 g6 8.e4 Bg7
9.Qd2 O-O 10.Bh6 Bxh6 11.Qxh6 e6 12.c4 exd5 13.cxd5 Nxe4 14.fxe4 Qf6 15.Ne2 Qxa1
16.Nc3 Qb2 17.h4 f6 18.d6 b5 19.Bxb5 Ba6 20.Bxa6 Nxa6 21.O-O Qc2 22.Nd5 Qxe4
23.Ne7+ Kh8 24.Nc3 Qd4+ 25.Kh1 Qxc3 26.Nxg6+ Kg8 27.Ne7+ Kh8 28.Ng6+ Kg8
29.Rf3 Qe1+ 30.Kh2 Rf7 31.Ne7+ Rxe7 32.dxe7 Qxe7 33.Rxf6 Nc7 34.Rf3 Qe5+
35.Rg3+ Kh8 36.Kh3 Ne6 37.Rf3 Rg8 38.g3 Nd4 39.Rf7 Qxg3+  0-1

[Event "TCh-BEL 2001-2"]
[Site "Belgium BEL"]
[Date "2002.10.15"]
[Round "10"]
[White "Winants,L"]
[Black "Schebler,G"]
[Result "1-0"]
[WhiteElo "2488"]
[BlackElo "2474"]

1.d4 Nf6 2.Bg5 Ne4 3.Bf4 c5 4.f3 Qa5+ 5.c3 Nf6 6.d5 e6 7.e4 b5 8.Nd2 exd5
9.exd5 Bb7 10.Qe2+ Kd8 11.Qxb5 Qxb5 12.Bxb5 Nxd5 13.Bg3 Na6 14.Nc4 Nac7 15.Ba4 Nb6
16.Bb3 Nxc4 17.Bxc4 Nd5 18.Kf2 f6 19.Ne2 Nb6 20.Bb3 d5 21.Rad1 c4 22.Bc2 Bc5+
23.Nd4 Ke7 24.Rhe1+ Kf7 25.Kf1 g6 26.Ne6 Be7 27.Rd2 f5 28.Rde2 Bf6 29.Nc7 Rad8
30.Be5 Bxe5 31.Rxe5 Rd7 32.Ne6 Rc8 33.h4 Kg8 34.Nd4 Rf8 35.Kf2 Nc8 36.Ne6 Rf6
37.Nc5 Rc7 38.Re8+ Kf7 39.Nxb7  1-0

[Event "10th Chigorin Mem B"]
[Site "St Petersburg RUS"]
[Date "2002.10.25"]
[Round "1"]
[White "Nefediev,A"]
[Black "Chepukaitis,G"]
[Result "1-0"]
[WhiteElo "2261"]
[BlackElo "2396"]

1.d4 Nf6 2.Bg5 Ne4 3.Bh4 c5 4.f3 g5 5.fxe4 gxh4 6.e3 Qb6 7.Nc3 Qxb2 8.Nd5 Qa3
9.Kf2 Qa5 10.Bc4 Nc6 11.Qh5 cxd4 12.exd4 Bg7 13.Ne2 e6 14.Rhf1 O-O 15.Kg1 Qd8
16.e5 exd5 17.Bd3 f5 18.exf6 Rxf6 19.Rxf6 Qxf6 20.Qxh7+ Kf8 21.Rf1 d6 22.c3 Ne7
23.Rxf6+ Bxf6 24.Nf4 Bg5 25.Ng6+ Ke8 26.Qh5 Bf6 27.Nf4+ Kf8 28.Qh6+ Bg7 29.Qxd6 Kf7
30.Bg6+ Nxg6 31.Qxg6+ Kf8 32.Qd6+ Kf7 33.Qxd5+ Ke7 34.Qg5+ Kf7 35.Qh5+ Kf8
36.Ng6+ Kg8 37.Ne7+  1-0

[Event "Before Thunder Storm"]
[Site "Tel Aviv ISR"]
[Date "2002.10.25"]
[Round "6"]
[White "Drozdov,Alexandre"]
[Black "Caspi,I"]
[Result "1-0"]
[WhiteElo "2314"]
[BlackElo "2135"]

1.d4 Nf6 2.Bg5 Ne4 3.Bh4 d5 4.f3 Nd6 5.Nc3 c6 6.Qd3 g6 7.e4 dxe4 8.fxe4 Bg7
9.Nf3 Na6 10.O-O-O Be6 11.Qd2 Qa5 12.a3 b5 13.e5 Nf5 14.Bg5 h6 15.Bf4 g5
16.g4 gxf4 17.gxf5 Bxf5 18.Rg1 Bf8 19.Qxf4 e6 20.Ne4 O-O-O 21.Nd6+ Bxd6 22.exd6 b4
23.Qe5 Qa4 24.Bxa6+ Qxa6 25.axb4 Qa4 26.Qc5 Rhg8 27.Kd2 Rxg1 28.Rxg1 f6 29.Ra1 Qb5
30.Rxa7 Kb8 31.Rg7 Qxc5 32.dxc5 e5 33.c4 Rd7 34.Rg8+ Kb7 35.Rf8  1-0

[Event "Blue Autumn"]
[Site "Bucharest ROM"]
[Date "2002.10.31"]
[Round "9"]
[White "Diulger,A"]
[Black "Lupulescu,C"]
[Result "1/2-1/2"]
[WhiteElo "2326"]
[BlackElo "2480"]

1.d4 Nf6 2.Bg5 Ne4 3.Bf4 d5 4.Nd2 Bf5 5.e3 c5 6.Nxe4 Bxe4 7.Bxb8 Qa5+ 8.Qd2 Qxd2+
9.Kxd2 Rxb8 10.dxc5 e6 11.f3 Bg6 12.b4 b6 13.cxb6 Bxb4+ 14.c3 Bc5 15.Bd3 Rxb6
16.Bxg6 hxg6 17.Ne2 Rb2+ 18.Kd3 Ke7 19.f4 f6 20.Rhb1 Rhb8 21.Rxb2 Rxb2 22.c4 dxc4+
23.Kxc4 Bxe3 24.Kd3 Bb6 25.g3 e5 26.fxe5 fxe5 27.Nc3 Bd4 28.Re1 Rxh2 29.Nb5 Kf6
30.Nxd4 exd4 31.Kxd4 Rxa2 32.Ke4 Ra6 33.Kf3 Re6 34.Ra1 a6 35.Kf4 Ke7 36.Kg5 Kd7
37.g4 Kc7 38.Rc1+ Kb7 39.Rb1+ Ka7 40.Ra1 Rc6 41.Ra2 Rc4 42.Rg2 a5 43.Kxg6 Rc7
44.g5 Ka6 45.Ra2 Ra7 46.Kh7 Kb5 47.g6 a4 48.Rf2 a3 49.Rf7 Kb6 50.Rf2 Kc5
51.Rf7 Kb6 52.Rf2 Kc6 53.Rf7 Ra8 54.Kxg7 a2 55.Rf1 a1=Q+ 56.Rxa1 Rxa1 57.Kf7 Kd7
58.g7 Rf1+ 59.Kg6 Ke7 60.g8=Q Rg1+ 61.Kh7 Rxg8 62.Kxg8  1/2-1/2

[Event "British Rapidplay"]
[Site "Bradford ENG"]
[Date "2002.11.01"]
[Round "9"]
[White "Wells,P"]
[Black "Hebden,M"]
[Result "1-0"]
[WhiteElo "2489"]
[BlackElo "2515"]

1.d4 Nf6 2.Bg5 Ne4 3.Bf4 c5 4.f3 Qa5+ 5.c3 Nf6 6.d5 Qb6 7.Bc1 e6 8.c4 exd5
9.cxd5 c4 10.e3 Bc5 11.Kf2 d6 12.Bxc4 Qc7 13.Nc3 a6 14.Nge2 O-O 15.g4 Re8
16.Ng3 b5 17.Bb3 Qe7 18.Kg2 b4 19.Na4 Ba7 20.e4 Nfd7 21.Nf5 Qf8 22.Bf4 Ne5
23.Rc1 Bxf5 24.gxf5 Nbd7 25.Bg3 Nc5 26.Nxc5 Bxc5 27.Ba4 f6 28.Bxe8 Qxe8 29.f4 Nf7
30.e5 fxe5 31.fxe5 Qb5 32.e6 Nh6 33.f6 gxf6 34.Rf1 Kg7 35.Qf3 Ng8 36.b3 Rf8
37.Rc4 Kh8 38.Qh5 Qb7 39.Rh4 Rd8 40.Re1 Qe7 41.Qf7 h6 42.Rxh6+  1-0

[Event "10th Chigorin Mem B"]
[Site "St Petersburg RUS"]
[Date "2002.11.01"]
[Round "7"]
[White "Zhuravlev,V"]
[Black "Slizhevsky,A"]
[Result "1/2-1/2"]
[WhiteElo "2395"]
[BlackElo "2323"]

1.d4 Nf6 2.Bg5 Ne4 3.Bf4 c5 4.f3 Qa5+ 5.c3 Nf6 6.Nd2 cxd4 7.Nb3 Qb6 8.Qxd4 Nc6
9.Qxb6 axb6 10.a3 d5 11.Nd4 e5 12.Nxc6 exf4 13.Nd4 Bd6 14.Kf2 O-O 15.g3 Nh5
16.gxf4 Bxf4 17.e3 Bh6 18.Bd3 f5 19.Nge2 g6 20.f4 Nf6 21.h3 Bd7 22.Rhg1 Kh8
23.Rac1 Rae8 24.Rce1 Re7 25.Nc1 Bc8 26.Bb1 Bg7 27.Bc2 Bd7 28.Nce2 Nh5 29.Nf3 Nf6
30.Nfd4 Bc8 31.Bd3 Nd7 32.Bc2 Nc5 33.Ng3 Bf6 34.Rgf1 Rfe8 35.Re2 Bd7 36.Ree1 Bh4
37.Rg1 Ba4 38.Bb1 Bd7 39.Nf3 Bf6 40.Nd4 Bxd4 41.cxd4 Na4 42.b3 Nc3 43.Bd3 Bb5
44.Ne2 Nxe2 45.Bxe2 Bxe2 46.Rxe2 Rc7 47.a4 Rc3 48.Rb1 Kg7 49.Rbb2 Kf6 50.h4 Re6
51.b4 Re8 52.Ra2 Re6 53.Rab2 Rec6 54.Ra2 Rb3 55.Rab2 Rxb2 56.Rxb2 Rc1 57.a5 b5
58.Ra2 Rc6 59.Kf3 Ke7 60.Ra1 Kf8 61.Rh1 h5 62.Rg1 Ke7 63.Rg2 Kf7 64.Ra2 Rc4
65.Rb2 Rc1 66.Kg3 Rg1+ 67.Kf3 Re1  1/2-1/2

[Event "Olympiad"]
[Site "Bled SLO"]
[Date "2002.11.02"]
[Round "8"]
[White "Minasian,Art"]
[Black "Navara,D"]
[Result "0-1"]
[WhiteElo "2560"]
[BlackElo "2567"]

1.d4 Nf6 2.Bg5 Ne4 3.Bf4 d5 4.e3 Bf5 5.Bd3 e6 6.Ne2 Bd6 7.O-O O-O 8.c4 dxc4
9.Bxc4 c5 10.dxc5 Bxf4 11.Nxf4 Nxc5 12.b4 Ne4 13.Qxd8 Rxd8 14.f3 Nd6 15.Be2 Nc6
16.a3 Rac8 17.g4 e5 18.Nd5 Be6 19.Nbc3 Kf8 20.Rfd1 Ne7 21.Ra2 Nxd5 22.Nxd5 e4
23.Rad2 exf3 24.Bxf3 Nc4 25.Rd4 Nxa3 26.Nc7 Rxd4 27.Nxe6+ fxe6 28.exd4 b6
29.d5 exd5 30.Rxd5 Ke7 31.Be2 Nb1 32.Rh5 Nc3 33.Ba6 Rh8 34.Bd3 h6 35.Kf2 g5
36.Rh3 Nd5 37.b5 Nf4 38.Re3+ Kf6 39.Bf1 Rc8 40.Ra3 Rc7 41.Kf3 Nd5 42.Ke4 Ke6
43.Kd4 Rf7 44.Ra1 Rf4+ 45.Kd3 Rxg4 46.Rxa7 Rh4 47.h3 Kd6 48.Kd2 Kc5 49.Ra8 Rf4
50.Rc8+ Kb4 51.Be2 Rd4+ 52.Ke1 Nc3 53.Bf1 Re4+ 54.Kf2 Nd1+ 55.Kg3 Ne3 56.Kf3 Re6
57.Rc6 Re5 58.Bd3 Nd5 59.Be4 Kxb5 60.Rxh6 Kc5 61.Rh8 Kd4 62.Bg6 b5 63.Rb8 b4
64.Kg4 Nf6+ 65.Kf3 Re3+ 66.Kf2 b3 67.Rb4+ Kc5 68.Rb8 Rxh3 69.Bf7 Nd5 70.Rc8+ Kd6
71.Rd8+ Ke7 72.Rxd5 Kxf7 73.Rxg5 Rh1 74.Kg2 b2 75.Kxh1 b1=Q+ 76.Rg1 Qe4+
77.Rg2 Kf6 78.Kg1 Kf5 79.Kh2 Kf4 80.Rf2+ Ke3 81.Rg2 Qh4+ 82.Kg1 Kf3 83.Rg8 Qd4+
84.Kh2 Qd6+ 85.Kh1 Qh6+ 86.Kg1 Qb6+ 87.Kh2 Qc7+ 88.Kg1 Qa7+  0-1

[Event "10th Chigorin Mem B"]
[Site "St Petersburg RUS"]
[Date "2002.11.03"]
[Round "9"]
[White "Nikolaev,N"]
[Black "Margolin,E"]
[Result "1-0"]
[WhiteElo "2358"]
[BlackElo "2206"]

1.d4 Nf6 2.Bg5 Ne4 3.Bf4 d5 4.Nd2 Bf5 5.e3 e6 6.Bd3 Nd7 7.Ne2 Nxd2 8.Qxd2 Bg6
9.c4 Nf6 10.O-O Bd6 11.c5 Bxf4 12.Nxf4 c6 13.b4 Bxd3 14.Nxd3 O-O 15.Qb2 Qc7
16.b5 Nd7 17.Rab1 Rab8 18.Qa3 Ra8 19.bxc6 bxc6 20.Qa6 Rab8 21.Nb4 Rfc8 22.Rb3 Kf8
23.Qa4 Rb5 24.Qa3 e5 25.Nxd5 Rxb3 26.axb3 cxd5 27.c6+ Kg8 28.cxd7 Qxd7 29.dxe5 h6
30.h3 Qc7 31.Rd1 Qc3 32.Qa6 Re8 33.Rxd5 Qxb3 34.Qb5 Qxb5 35.Rxb5 Rc8 36.Ra5 Rc7
37.f4 Kf8 38.Kf2 Ke7 39.Kf3 g6 40.g4 Rd7 41.Ra6 Rb7 42.f5 gxf5 43.gxf5 h5
44.Kf4 Rb4+ 45.e4 Rb3 46.Rxa7+ Kf8 47.f6 Ke8 48.e6 fxe6 49.Re7+ Kf8 50.Ke5 Rxh3
51.Kxe6 Ra3 52.e5 Ra6+ 53.Kf5 Ra1 54.Rh7 Kg8 55.Rxh5 Ra5 56.Kg6 Ra6 57.Rh1 Rb6
58.Rd1 Rb8 59.e6  1-0

[Event "Last Autumn GM"]
[Site "Tel Aviv ISR"]
[Date "2002.11.03"]
[Round "2"]
[White "Kudischewitsch,D"]
[Black "Gerzhoy,L"]
[Result "1/2-1/2"]
[WhiteElo "2384"]
[BlackElo "2389"]

1.d4 Nf6 2.Bg5 Ne4 3.Bf4 c5 4.f3 Qa5+ 5.c3 Nf6 6.d5 e6 7.e4 exd5 8.exd5 d6
9.Na3 Be7 10.Bb5+ Nbd7 11.Qe2 Kd8 12.O-O-O a6 13.Bxd7 Bxd7 14.Kb1 b5 15.g4 Re8
16.Qf2 Bf8 17.Ne2 Rb8 18.Nc1 Qb6 19.Nc2 a5 20.h3 Kc7 21.Rd2 Kb7 22.Ne3 Ka8
23.Ka1 a4 24.Ne2 Qa6 25.Rc1 a3 26.b3 Qb6 27.Ng3 g6 28.Kb1 Bg7 29.Ne2 Ng8
30.Kc2 Be5 31.Bxe5 Rxe5 32.Ng2 Nf6 33.Rcd1 Qb7 34.Nef4 g5 35.Nd3 Re7 36.Nxc5 dxc5
37.Qxc5 Ree8 38.Qxa3+ Qa7 39.Qb2 Qc5 40.Kb1 Rec8 41.c4 Qd6 42.cxb5 Rxb5 43.Ne3 Kb7
44.Qd4 Rb4 45.Qb2 Rb6 46.Rd4 Bb5 47.Nf5 Qc5 48.d6 Qc3 49.d7 Qxb2+ 50.Kxb2 Rd8
51.Nd6+ Kb8 52.Nxf7 Rxd7 53.Nxg5 Rxd4 54.Rxd4 Kc7 55.f4 Rd6 56.f5 Rxd4 57.Ne6+ Kd6
58.Nxd4 Bf1 59.g5 Ne4 60.h4 Ke5 61.f6 Nd6 62.h5 Bd3 63.Kc3 Bb1 64.a4 Kf4
65.g6 hxg6 66.hxg6 Bxg6 67.Kb4 Ke5 68.Nc6+ Kxf6 69.Kc5 Ke6 70.b4 Ne4+ 71.Kb6 Kd6
72.a5 Nf6 73.b5 Nd7+ 74.Kb7  1/2-1/2